000 01021nam a22003137a 4500
003 CHAP
005 20220817042401.0
008 971013s1974 r 00010 d
010 _a42966
011 _a43938
035 _a48075
040 _cCHAP
090 _aFolleto 4129
110 _aMéxico. Dirección General del Inventario Nacional Forestal
245 _aNormas de calidad para la conducción de inventarios forestales con fines de estudios dasonómicos
260 _aMéxico, D.F. :
_bLa Dirección,
_c1974
300 _a37 p.
_b; apénd
490 _aPublicación
_v; 28
590 _aBATCH-UPD
_b10
_c20130110
_lUCH01
_h1331
590 _aBATCH-UPD
_b10
_c20130410
_lUCH01
_h0836
590 _aBATCH-UPD
_b10
_c20130914
_lUCH01
_h0713
590 _aCONVERSION
_b10
_c20130109
_lUCH01
_h1324
650 1 4 _aBosques
_xInventarios.
_914240
650 1 4 _aBosques
_xMapas.
_914335
830 0 _aPublicación
_v; 28
901 _aBK
942 _cFOLL
949 _aFolleto 4129
_bBC
_cFOLL
_d-109032
_eTS1
_i48075
_mD
_si
999 _c42966
_d42966